000 00874nam a22001815i 4500
001 170710
003 ES-MaACL
005 20251121161549.0
008 090331s1865 sp |||| | spa d
100 1 _aGarcía Giménez, Mariano.
_9139705
245 1 0 _aArdides de amor
_b: zarzuela en un acto, original y en verso /
_cletra de Mariano García Giménez ; música de Miguel Carreras y González.
260 _aMadrid :
_b[s.n.],
_c1865 (
_fEst. tip. de Eduardo Cuesta)
300 _a51 p. ;
_c20 cm.
500 _aEn la port.: Estrenada con aplauso en el teatro del Circo de Madrid, el 16 de enero de 1865.
700 _aCarreras y González, Mariano
_9227072
852 _aES-MaACL
_jF-8554(7)
_z.- Enc. pasta española
_q.- Falto de la cub. original
_z- Enc. en vol. facticio formando parte de la col. facticia "Teatro español moderno", v. 6
999 _c170710
_d170710